| 000 | 00641nam a2200181 a 4500 | ||
|---|---|---|---|
| 001 | 000016114 | ||
| 005 | 20250502073819.0 | ||
| 008 | 100226s1974 dr 001 0 spa d | ||
| 040 |
_aDO-SdBNP _bspa _cBNPHU |
||
| 082 |
_a354.728 _bG943s |
||
| 110 | 1 |
_aRepública Dominicana. _bOficina Nacional de Administración y Personal _926398 |
|
| 245 | 1 | 0 | _aGuía de servicios públicos. |
| 260 |
_aSanto Domingo : _bONAP, _c1974. |
||
| 300 |
_a326 p. ; _c25 cm. |
||
| 650 | 4 |
_aServicios publicos _zRepública Dominicana _xDirectorios _936100 |
|
| 710 | 1 |
_aRepública Dominicana. _bOficina Nacional de Administración y Personal _926398 |
|
| 049 | _aBNPD | ||
| 999 |
_c15654 _d15654 |
||